000
00344nam a2200145Ia 4500
003
OSt
005
20240101084307.0
008
170523s9999 xx 000 0 und d
020
_a
9789350514689
040
_c
iimt university meerut
100
_a
MAMORIA- CB
245
0
_a
PERSONNEL MANAGEMENT
260
_b
HIMALAYA PUBLICATION
942
_2
ddc
_c
02
999
_c
425
_d
425